Tim Robbins Movies Quiz Stats

 Plays Quiz not verified by Sporcle

Also try: Tim Burton Movies
Challenge
Share
Tweet
Embed
Score 0/44 Timer 10:00
0 Plays Today
Year Film % Correct
1994The Shawshank Redemption
92.8%
1988Bull Durham
76.7%
2003Mystic River
71.2%
1992Bob Roberts
62.3%
1994The Hudsucker Proxy
55.5%
1992The Player
51.5%
1990Jacob's Ladder
46%
1999Arlington Road
45.8%
2005War of the Worlds
45.3%
1986Top Gun
39.8%
2000High Fidelity
35.2%
1999Austin Powers: The Spy Who Shagged Me
34.3%
1997Nothing to Lose
32.8%
1994I.Q.
29.2%
1986Howard the Duck
25.9%
1989Erik the Viking
24.6%
1990Cadillac Man
24.2%
1993Short Cuts
23.9%
2012Thanks for Sharing
20.8%
2011Green Lantern
20.7%
2012Back to 1942
19.5%
1988Tapeheads
18.8%
Year Film % Correct
2000Mission to Mars
18%
1985The Sure Thing
17.4%
2001Antitrust
17.2%
2005Zathura: A Space Adventure
17%
2008City of Ember
17%
2006Tenacious D in The Pick of Destiny
15.3%
2006Catch a Fire
15%
2001Human Nature
14.2%
2002The Truth About Charlie
13.8%
2007Noise
13.4%
1985Fraternity Vacation
13.3%
2003Code 46
12.9%
2008The Lucky Ones
12.5%
1994Pret-a-Porter
10.8%
1984No Small Affair
10.4%
1987Five Corners
10.4%
1991Jungle Fever
9.7%
2005The Secret Life of Words
9.1%
1984Toy Soldiers
8.9%
1989Twister
8.9%
1989Miss Firecracker
8.9%
2003The Day My God Died
7%

You're not logged in!

Compare scores with friends on all Sporcle quizzes.
Join for Free
OR
Log In

You Might Also Like...

Show Comments

Extras

Top Quizzes Today


Score Distribution

Your Account Isn't Verified!

In order to create a playlist on Sporcle, you need to verify the email address you used during registration. Go to your Sporcle Settings to finish the process.

Report this User

Report this user for behavior that violates our Community Guidelines.

Details: